000 01546nam a2200445 i 4500
001 14586
003 KOSZ 005
005 20200207120747.0
008 070615s1972 pl a f 000 0 pol
015 _aPB 1972/9615
035 _a991034487799705066
035 _a(PL-WaBN)b19222610-48omnis_nlop
035 _ab19222610
035 _a(OCoLC)838865817
035 _a(PL)b0000001922261
035 _a(EXLNZ-48OMNIS_NETWORK)9910191645705606
040 _aWA N
_cWA N
_dKOSZ 005/KK
041 0 _apol
_beng
_brus
080 _a65.01
100 1 _aIgnasiak, Edmund
_d(1940-2003).
_eAutor
245 1 0 _aProgramowanie sieciowe /
_cEdmund Ignasiak.
260 _aWarszawa :
_bPaństwowe Wydawnictwo Ekonomiczne,
_c1972.
300 _a128, [4] strony :
_bilustracje ;
_c24 cm.
336 _2rdacontent
_aTekst
_btxt
337 _2rdamedia
_aBez urządzenia pośredniczącego
_bn
338 _2rdacarrier
_aWolumin
_bnc
380 _aKsiążki
388 _a1901-2000
504 _aBibliografia na stronach 127-[129].
546 _aStreszczenie w języku angielskim, rosyjskim.
650 7 _aBadania operacyjne
_2DBN
658 _aGospodarka, ekonomia, finanse
658 _aMatematyka
650 7 _aProgramowanie liniowe
_2DBN
700 _aIgnasiak, Edmund
_d(1940-2003).
_eAutor
710 2 _aPaństwowe Wydawnictwo Ekonomiczne
_4pbl
856 _uhttp://koha.tu.koszalin.pl/cgi-bin/koha/opac-detail.pl?biblionumber=14856
_yKatalog online BPK
942 _2UKD
_cKS
999 _c14856
_d14856